Discriminación /

Siete de cada diez adolescentes discriminan o son testigos de un acto de discriminación. En el colegio, en la calle, en el boliche. El bullying como práctica de acoso permanente. Lyzbania Flores y Elías Moyano nos cuentan su día a día. Testimonio de las víctimas y los especialistas en el tema.

Guardado en:
Autor Corporativo: Canal Encuentro.
Otros Autores: Pauls, Gastón; Conducción.
Formato: Deslizar
Publicado: Argentina, 2008.
Series:Mejor Hablar de Ciertas Cosas
Materias:
Acceso en línea:https://www.educ.ar/recursos/50900/discriminacion
Etiquetas: Agregar Etiqueta
Sin Etiquetas, Sea el primero en etiquetar este registro!
LEADER 01220ngm a22003015g 4500
001 CEM.cems023026
008 130507s2008##################0###0#####d
005 20241204161857.0
245 1 0 |a Discriminación /  |c Canal Encuentro. 
260 |a Argentina,  |c 2008. 
300 |a 46'. 
490 0 |a Mejor Hablar de Ciertas Cosas 
500 |a Consultar en ventanilla. 
520 |a Siete de cada diez adolescentes discriminan o son testigos de un acto de discriminación. En el colegio, en la calle, en el boliche. El bullying como práctica de acoso permanente. Lyzbania Flores y Elías Moyano nos cuentan su día a día. Testimonio de las víctimas y los especialistas en el tema. 
538 |a Soporte: DVD - Color: Si - Grabación DRD 2012 
590 |a Identificación SIABUC: DVD Nº 40 
110 2 |a Canal Encuentro. 
700 1 |a Pauls, Gastón; Conducción. 
082 3 6 |/ PAU-2 
082 3 6 |/ ENC-2 
653 |a DISCRIMINACION 
653 |a ACOSO ESCOLAR 
653 |a ADOLESCENCIA 
653 |a BULLYING 
653 |a NIVEL PRIMARIO 
653 |a NIVEL SECUNDARIO 
856 |u https://www.educ.ar/recursos/50900/discriminacion 
859 |a CEMS  |b BIB. CEMS - Depto. Recursos Didacticos  |h 360  |i PAU-2  |k DRD  |p 1669.12  |t Ej.1